01275nam a22002657a 450000500170000000800410001702000180005802000260007602000270010204000470012904100080017610000310018424501500021525000110036526000530037630000460042950000510047550400530052650502180057965000360079765000430083365000570087665000370093370000390097020260406152145.0260406b ||||| |||| 00| 0 eng d a9789585020979 a9789585020986 (Vol I) a9789585020993 (Vol II) aCO-BoUCMcDaniela ZuluagadDaniela Zuluaga aspa1 aVillegas Garzón, Óscar aEl proceso disciplinariobcomponentes sustanciales y procesales en las leyes 1952 de 2019, 2094 de 2021 y 2365 de 2024cÓscar Villegas Garzón a4a.Ed. aBogotá, D.C.bGrupo Editorial Ibáñezc2024 a2 volúmenesbilustraciones, flujogramas a"Homenaje a Óscar Alberto Jinete del Villar" aIncluye referencias bibliográficas e índices rEstudio detallado del derecho disciplinario en Colombia, abarcando la estructura del proceso, principios rectores y la actualización normativa frente a las leyes 1952, 2094 y 2365. Contiene glosario e índices. 4aDerecho disciplinariozColombia 4aProcedimiento administrativozColombia 4aServidores públicosxÉtica profesionalzColombia 4aDerecho administrativozColombia1 aJinete del Villar, Óscar Alberto